000
00270nam a22001217a 4500
040
_c
SK
082
_a
361
100
_a
នុត ចន្ថា
245
_a
ការរៀបចំសហគមន៍
260
_a
RUA
_b
នុត
_c
2008
300
_a
61p.
942
_c
KB
999
_c
9447
_d
9447